000 00396nam a2200145Ia 4500
008 220204s9999 xx 000 0 und d
020 _a0120007843
082 _a631/635
_bADV.86
100 _aSparks, Donald L
245 0 _aAdvances in agronomy. V.86
260 _aAmsterdam
_bElsevier Academic Press
_c2005
650 _aCarbon sequestration
650 _aIsoflavone biosynthesis
942 _cBK
999 _c42435
_d42435